noem het stadion van de eredivisieclub - Statistieken

Algemene statistieken
  • Deze quiz is 157 keer genomen
  • De gemiddelde score is 7 van 15
Antwoordstatistieken
Hint Antwoord % Correct
Feyenoord De Kuip
98%
PSV Phillips stadion
85%
Sparta Rotterdam Het Kasteel
80%
FC Utrecht Galgenwaard
61%
Heerenveen Abe Lenstra stadion
59%
Ajax Amsterdam Arena
59%
FC Twente De Grolsch Veste
56%
Vitesse Gelredome
50%
AZ AFAS stadion
49%
Groningen Euroborg
38%
Go Ahead Eagles De Adelaarshorst
37%
NEC Goffertstadion
22%
RKC Waalwijk Mandemakers stadion
21%
Fortuna Fortuna Sittard stadion
11%
Excelsior Van Donge & De Roo Stadion
4%
Geen overeenkomende quizzen gevonden
Scoreverdeling
Procent van Mensen met Elke Score
Percentiel versus Aantal Correcte Antwoorden
Uw Scoregeschiedenis
U heeft deze quiz nog niet genomen